Statistiques concernant Pokémon- Quatrième Champion d'Arène

Cliquez ici pour prendre le quiz!

Statistiques générales

  • Ce quiz a été pris 48 fois
    (12 depuis la dernière actualisation)
  • Le résultat moyen est 43 sur 72

Statistiques - réponses

ChampionsVersionsPokémon% Correct
RSChartor
100%
BEctoplasma
100%
OAEctoplasma
100%
MortimerOAFantominus
100%
OASpectrum
100%
XYBoustiflor
80%
JBoustiflor
80%
ÉCamérupt
80%
XYChevroum
80%
IneziaNBEmolga
80%
XYEmpiflor
80%
RBEmpiflor
80%
LovisDPLéviator
80%
AdrianeRSLimagma
80%
HGSSMagirêve
80%
DPMaraiste
80%
DPMustéflott
80%
JOrtide
80%
ÉpéePalarticho
80%
RBRafflesia
80%
NBZéblitz
80%
ÉArcanin
60%
HGSSBouldeneu
60%
ÉChamallot
60%
BCorayôme
60%
AmaroXYCotovol
60%
OACotovol
60%
EVCrabominable
60%
EVDélestin
60%
ÉDémolosse
60%
ÉGalopa
60%
HGSSGrodrive
60%
OAJoliflor
60%
ÉpéeKrakos
60%
N2B2Lainergie
60%
PlaLudicolo
60%
ÉpéeMackogneur
60%
LGPENoadkoko
60%
BNoctunoir
60%
HGSSNoctunoir
60%
LGPEParasect
60%
HGSSRoserade
60%
ErikaRBSaquedeneu
60%
HGSSTénéfix
60%
HGSSTengalice
60%
KombuEVTriopikeau
60%
ÉVolcaropod
60%
EV(Disque Indigo)Aligatueur
40%
EVBekipan
40%
BDSPBekipan
40%
ÉpéeBrutalibré
40%
ÉCaninos
40%
EVGamblast
40%
ÉpéeHexadron
40%
BDSPHyporoi
40%
FaïzaÉpéeKapoera
40%
BLugulabre
40%
ÉMalosse
40%
ÉpéePandarbare
40%
BPolthégeist
40%
ÉPonyta
40%
BDSPSerpang
40%
PlaSharpedo
40%
N2B2Statitik
40%
BDSPSuicune
40%
BDSPTarpaud
40%
AlistairBTutafeh de Galar
40%
BTutétékri
40%
BDSPArmaldo
20%
BDSPCizayox
20%
BDSPLaggron
20%
BMimiqui
20%

Distribution des résultats

Percentile par nombre de réponses

% des personnes avec chaque résultat

Votre développement - résultats

Vous n’avez pas pris ce quiz depuis la dernière actualisation